[Event "Basel Christmas op"]
[Site "Basel"]
[Date "2023.12.28"]
[Round "5"]
[White "Hasenohr, Benedict"]
[Black "Floris, Federico"]
[Result "1/2-1/2"]
[WhiteElo "2318"]
[BlackElo "2075"]
[PlyCount "83"]
[EventDate "2023.12.26"]
[EventType "swiss"]
[EventRounds "9"]
[EventCountry "SUI"]
[SourceTitle "CB02_2024"]
[SourceDate "2024.01.10"]
[SourceVersion "1"]
[SourceVersionDate "2024.01.10"]
[SourceQuality "1"]

1. d4 d5 2. c4 e6 3. Nf3 c5 4. cxd5 exd5 5. Bg5 Nf6 6. Nc3 Be6 7. e3 c4 8. Ne5 Qa5 9. Bxf6 gxf6 10. Nf3 Bb4 11. Qc1 b5 12. g3 Bxc3+ 13. bxc3 b4 14. Bg2 bxc3 15. 0-0 Nd7 16. Nh4 Nb6 17. a4 Rd8 18. Qa3 Nc8 19. e4 dxe4 20. Bxe4 Rxd4 21. Bc6+ Kd8 22. Rab1 Nd6 23. Rbd1 Qb6 24. a5 Qb3 25. Qxb3 cxb3 26. Rxd4 Ke7 27. Rd3 c2 28. Ba4 Rb8 29. Re1 Ne4 30. Bxb3 Bxb3 31. Rxe4+ Be6 32. Nf5+ Kf8 33. Re1 Bxf5 34. Ra3 Rd8 35. Kg2 Rd1 36. Ra1 Bg4 37. Kf1 Bf3 38. Rc1 Rd2 39. Re3 Rd1+ 40. Re1 Rd2 41. Re3 Rd1+ 42. Re1 1/2-1/2

[Event "Benidorm op-A"]
[Site "Benidorm"]
[Date "2023.11.05"]
[Round "9"]
[White "Floris, Federico"]
[Black "Nesse, David"]
[Result "1/2-1/2"]
[WhiteElo "2081"]
[BlackElo "2005"]
[PlyCount "96"]
[EventDate "2023.10.29"]
[EventType "swiss"]
[EventRounds "9"]
[EventCountry "ESP"]
[SourceTitle "Mega2024 Update 01"]
[Source "Chessbase"]
[SourceDate "2023.11.12"]
[SourceVersion "1"]
[SourceVersionDate "2023.11.12"]
[SourceQuality "1"]

1. e4 c5 2. Nf3 Nc6 3. d4 cxd4 4. Nxd4 g6 5. c4 Bg7 6. Be3 Qb6 7. Nb3 Qd8 8. Qd2 Nf6 9. Nc3 Ng4 10. Bf4 d6 11. h3 Nf6 12. Be2 0-0 13. 0-0 a5 14. Be3 a4 15. Nd4 Nxd4 16. Bxd4 Qa5 17. Rab1 Nxe4 18. Qe3 Bxd4 19. Qxd4 Nxc3 20. bxc3 Rb8 21. Bf3 Qc7 22. Rb4 Bd7 23. Qa7 Rfc8 24. Rfb1 Ra8 25. Qe3 Bc6 26. Bxc6 Qxc6 27. Qxe7 Rc7 28. Qg5 Qc5 29. Qxc5 Rxc5 30. Rd1 Rac8 31. Rd4 Re8 32. Rxa4 Re1+ 33. Kh2 Rc1 34. Rxd6 Rxc3 35. Rb6 R3xc4 36. Rxc4 Rxc4 37. Rxb7 Rc2 38. a4 Rxf2 39. a5 Ra2 40. Ra7 Ra3 41. h4 Ra4 42. Kh3 h5 43. Kg3 Rg4+ 44. Kh3 Ra4 45. Kg3 Kg7 46. Ra6 Ra2 47. Kf3 Ra3+ 48. Kf2 Ra4 1/2-1/2

[Event "ITA-ch sf 81st"]
[Site "Acqui Terme"]
[Date "2022.06.18"]
[Round "8"]
[White "Floris, Federico"]
[Black "Tripodi, Enzo"]
[Result "0-1"]
[WhiteElo "1963"]
[BlackElo "2159"]
[PlyCount "118"]
[EventDate "2022.06.12"]
[EventType "swiss"]
[EventRounds "9"]
[EventCountry "ITA"]
[SourceTitle "CBM 208 Extra"]
[Source "ChessBase"]
[SourceDate "2022.07.31"]
[SourceVersion "1"]
[SourceVersionDate "2022.07.31"]
[SourceQuality "1"]

1. e4 d6 2. d4 Nf6 3. Nc3 g6 4. Be3 c6 5. Qd2 b5 6. Bd3 Nbd7 7. Nf3 Qc7 8. Bh6 b4 9. Ne2 c5 10. c3 bxc3 11. bxc3 cxd4 12. cxd4 Bxh6 13. Qxh6 Qa5+ 14. Qd2 Qxd2+ 15. Nxd2 0-0 16. 0-0 e5 17. f3 exd4 18. Nxd4 Nc5 19. Bc4 Bb7 20. N2b3 Rac8 21. Na5 d5 22. Nxb7 dxc4 23. Nxc5 Rxc5 24. Rac1 Rfc8 25. Rc3 Ne8 26. Kf2 Nd6 27. Rb1 Ra5 28. a3 a6 29. Rb4 f5 30. exf5 Rd5 31. Nc2 Rxf5 32. Ke2 Rd5 33. a4 Re8+ 34. Re3 Rd8 35. g4 a5 36. Rb2 Nf7 37. Na3 Ne5 38. Rc2 Rc5 39. Nb5 g5 40. Re4 Rdc8 41. f4 gxf4 42. Rxf4 Nd3 43. Rf5 R5c6 44. Na7 Re6+ 45. Kd2 Rd8 46. Kc3 Nb4 47. Rg5+ Kh8 48. Rf2 Re4 49. Rxa5 Nd5+ 50. Kb2 c3+ 51. Kb3 Ne3 52. Nc6 Rc8 53. Nb4 Rxg4 54. Nc2 Nc4 55. Rh5 Nd2+ 56. Ka3 Ra8 57. a5 Rb8 58. Nb4 Rbxb4 59. Rf7 Rb3+ 0-1

[Event "ITA-ch sf 81st"]
[Site "Acqui Terme"]
[Date "2022.06.16"]
[Round "6"]
[White "Floris, Federico"]
[Black "Hercegovac, Neven"]
[Result "0-1"]
[WhiteElo "1963"]
[BlackElo "2187"]
[PlyCount "54"]
[EventDate "2022.06.12"]
[EventType "swiss"]
[EventRounds "9"]
[EventCountry "ITA"]
[SourceTitle "CBM 208 Extra"]
[Source "ChessBase"]
[SourceDate "2022.07.31"]
[SourceVersion "1"]
[SourceVersionDate "2022.07.31"]
[SourceQuality "1"]

1. e4 c5 2. Nf3 d6 3. d4 cxd4 4. Nxd4 Nf6 5. Nc3 g6 6. Be3 Bg7 7. f3 0-0 8. Qd2 Nc6 9. Bc4 Nd7 10. 0-0-0 Nb6 11. Be2 Na5 12. b3 Bd7 13. h4 a6 14. g4 e5 15. Nf5 gxf5 16. Qxd6 Nc6 17. Bxb6 Qxb6 18. Qxd7 Rfd8 19. Qxf5 Nd4 20. Rxd4 Qxd4 21. Kb2 b5 22. Rd1 Qe3 23. Bd3 b4 24. Nd5 Rxd5 25. exd5 e4+ 26. Kb1 Qd4 27. Kc1 e3 0-1

[Event "Lesa op"]
[Site "Lesa"]
[Date "2015.09.20"]
[Round "4"]
[White "Floris, Federico"]
[Black "Ferrari, Nicola"]
[Result "1-0"]
[WhiteElo "1905"]
[BlackElo "1953"]
[PlyCount "42"]
[EventDate "2015.09.18"]
[EventType "swiss"]
[EventRounds "5"]
[EventCountry "ITA"]
[SourceTitle "EXT 2016"]
[Source "ChessBase"]
[SourceDate "2015.10.08"]
[SourceVersion "1"]
[SourceVersionDate "2015.10.08"]
[SourceQuality "1"]

1. e4 e5 2. Nf3 Nc6 3. Bc4 Bc5 4. b4 Bxb4 5. c3 Bd6 6. d4 Nf6 7. 0-0 h6 8. Nbd2 0-0 9. Bd3 b6 10. Nc4 Qe7 11. Re1 Bb7 12. Nh4 Ne8 13. Nf5 Qf6 14. f4 b5 15. fxe5 Nxe5 16. Nxe5 Bxe5 17. dxe5 Qxe5 18. Qg4 Kh8 19. Rb1 Qxc3 20. Re3 Qf6 21. Rg3 Qg6 1-0

[Event "Lesa op"]
[Site "Lesa"]
[Date "2015.09.19"]
[Round "3"]
[White "Barletta, Mauro"]
[Black "Floris, Federico"]
[Result "1/2-1/2"]
[WhiteElo "2151"]
[BlackElo "1905"]
[PlyCount "44"]
[EventDate "2015.09.18"]
[EventType "swiss"]
[EventRounds "5"]
[EventCountry "ITA"]
[SourceTitle "EXT 2016"]
[Source "ChessBase"]
[SourceDate "2015.10.08"]
[SourceVersion "1"]
[SourceVersionDate "2015.10.08"]
[SourceQuality "1"]

1. d4 d5 2. Bg5 h6 3. Bh4 c5 4. dxc5 g5 5. Bg3 Bg7 6. c3 Na6 7. e4 dxe4 8. Qxd8+ Kxd8 9. Bxa6 bxa6 10. Na3 f5 11. 0-0-0+ Ke8 12. Bc7 Be6 13. Ba5 Rc8 14. b4 Nf6 15. h3 Nd5 16. Ne2 Nxc3 17. Nxc3 Bxc3 18. Kc2 Be5 19. Rd2 Bf4 20. Rd4 Be5 21. Rd2 Bf4 22. Rd4 Be5 1/2-1/2

[Event "Lesa op 2nd"]
[Site "Lesa"]
[Date "2013.09.22"]
[Round "5"]
[White "Floris, Federico"]
[Black "Buzio, Alberto"]
[Result "1/2-1/2"]
[WhiteElo "1854"]
[BlackElo "1851"]
[PlyCount "30"]
[EventDate "2013.09.20"]
[EventType "swiss"]
[EventRounds "5"]
[EventCountry "ITA"]
[SourceTitle "EXT 2015"]
[Source "ChessBase"]
[SourceDate "2014.11.20"]
[SourceVersion "1"]
[SourceVersionDate "2014.11.20"]
[SourceQuality "1"]

1. e4 c5 2. c3 d5 3. exd5 Qxd5 4. d4 Nc6 5. Nf3 Bg4 6. Be2 e6 7. h3 Bf5 8. 0-0 Nf6 9. Bf4 Qd7 10. Ne5 Nxe5 11. dxe5 Nd5 12. Bg3 Be7 13. c4 Nb6 14. Nc3 Qxd1 15. Raxd1 a6 1/2-1/2

[Event "Lesa op 2nd"]
[Site "Lesa"]
[Date "2013.09.21"]
[Round "3"]
[White "Floris, Federico"]
[Black "Maffeo, Mauro"]
[Result "1-0"]
[WhiteElo "1854"]
[BlackElo "1727"]
[PlyCount "123"]
[EventDate "2013.09.20"]
[EventType "swiss"]
[EventRounds "5"]
[EventCountry "ITA"]
[SourceTitle "EXT 2015"]
[Source "ChessBase"]
[SourceDate "2014.11.20"]
[SourceVersion "1"]
[SourceVersionDate "2014.11.20"]
[SourceQuality "1"]

1. e4 e6 2. d4 d5 3. Nc3 Nf6 4. Bg5 Be7 5. e5 Nfd7 6. Bxe7 Qxe7 7. f4 a6 8. Nf3 c5 9. Bd3 c4 10. Be2 b5 11. Qd2 Nc6 12. Nd1 f5 13. 0-0 h6 14. c3 Rg8 15. Kh1 g5 16. fxg5 hxg5 17. Qe1 Rh8 18. Qg3 g4 19. Nd2 Nf8 20. Bxg4 fxg4 21. Qxg4 Qh4 22. Qxh4 Rxh4 23. Ne3 Ne7 24. g3 Rh8 25. Ng4 Nf5 26. Kg2 Bb7 27. Rf2 Nh7 28. Nf1 Ke7 29. Nfe3 Nxe3+ 30. Nxe3 Raf8 31. Raf1 Rxf2+ 32. Rxf2 Ng5 33. Ng4 Ne4 34. Rf1 a5 35. a3 Ba6 36. Nf6 b4 37. axb4 Nxf6 38. exf6+ Kf7 39. bxa5 Rb8 40. Rf2 Re8 41. g4 e5 42. dxe5 Rxe5 43. h4 Bb7 44. Kg3 Bc6 45. h5 Re4 46. Rf4 Re3+ 47. Kh4 Re4 48. Rxe4 dxe4 49. Kg3 Kxf6 50. Kf4 Bb7 51. g5+ Kg7 52. Ke3 Kf7 53. Kd4 Kg7 54. a6 Bd5 55. a7 Bb7 56. Kxc4 Kf7 57. Kd4 Kg7 58. c4 Kh7 59. b4 Kg7 60. b5 Kh7 61. c5 Kg7 62. c6 1-0